000
00310pab a2200145 454500
008
180718b1991 xxu||||| |||| 00| 0 eng d
100
_a
Jacob, T.
245
_a
Socailism sans violence
260
_c
1991
300
_a
12-14
362
_a
1 Dec.
650
_a
Socialism
773
_a
Janata
909
_a
18834
999
_c
18834
_d
18834